ARRUPE JESUIT UNIVERSITY

CORONAVIRUS -STOP THE SPREAD - CLEAN,DISINFECT,COVER

The development of ethics : (Record no. 128219)

MARC details
000 -LEADER
fixed length control field 02004cam a22003854a 4500
001 - CONTROL NUMBER
control field 14877235
003 - CONTROL NUMBER IDENTIFIER
control field ARRUPE
005 - DATE AND TIME OF LATEST TRANSACTION
control field 20180920150459.0
008 - FIXED-LENGTH DATA ELEMENTS--GENERAL INFORMATION
fixed length control field 070604m2009 enk b 001 0 eng
010 ## - LIBRARY OF CONGRESS CONTROL NUMBER
LC control number 2007023089
Canceled/invalid LC control number 2011294462
015 ## - NATIONAL BIBLIOGRAPHY NUMBER
National bibliography number GBA724007
Source bnb
016 7# - NATIONAL BIBLIOGRAPHIC AGENCY CONTROL NUMBER
Record control number 013704191
Source Uk
020 ## - INTERNATIONAL STANDARD BOOK NUMBER
International Standard Book Number 9780198242673 (v. 1 : alk. paper)
020 ## - INTERNATIONAL STANDARD BOOK NUMBER
International Standard Book Number 0198242670
020 ## - INTERNATIONAL STANDARD BOOK NUMBER
International Standard Book Number 9780199543274 (v. 2 : alk. paper)
020 ## - INTERNATIONAL STANDARD BOOK NUMBER
International Standard Book Number 9780199571789 (v. 3 : alk. paper)
035 ## - SYSTEM CONTROL NUMBER
System control number (OCoLC)ocn141187978
035 ## - SYSTEM CONTROL NUMBER
System control number (OCoLC)141187978
040 ## - CATALOGING SOURCE
Original cataloging agency DLC
Transcribing agency DLC
Modifying agency BAKER
-- BTCTA
-- BWKUK
-- UKM
-- YDXCP
-- DLC
050 00 - LIBRARY OF CONGRESS CALL NUMBER
Classification number BJ71
Item number .I79 2009
082 00 - DEWEY DECIMAL CLASSIFICATION NUMBER
Classification number 170.9
Edition number 22
300 ## - PHYSICAL DESCRIPTION
Dimensions 26 cm.
100 1# - MAIN ENTRY--PERSONAL NAME
Personal name Irwin, Terence.
9 (RLIN) 18865
245 14 - TITLE STATEMENT
Title The development of ethics :
Remainder of title a historical and critical study /
Statement of responsibility, etc Terence Irwin.
260 ## - PUBLICATION, DISTRIBUTION, ETC. (IMPRINT)
Place of publication, distribution, etc Oxford ;
-- New York :
Name of publisher, distributor, etc Oxford University Press,
Date of publication, distribution, etc 2007-2009.
300 ## - PHYSICAL DESCRIPTION
Extent 3 v. ;
504 ## - BIBLIOGRAPHY, ETC. NOTE
Bibliography, etc Includes bibliographical references and indexes.
505 0# - FORMATTED CONTENTS NOTE
Formatted contents note v. 1. From Socrates to the Reformation -- v. 2. From Suarez to Rousseau -- v. 3. From Kant to Rawls.
650 #0 - SUBJECT ADDED ENTRY--TOPICAL TERM
Topical term or geographic name as entry element Ethics
General subdivision History.
9 (RLIN) 12012
856 41 - ELECTRONIC LOCATION AND ACCESS
Materials specified Table of contents only
Uniform Resource Identifier <a href="http://www.loc.gov/catdir/toc/ecip0719/2007023089.html">http://www.loc.gov/catdir/toc/ecip0719/2007023089.html</a>
856 42 - ELECTRONIC LOCATION AND ACCESS
Materials specified Publisher description
Uniform Resource Identifier <a href="http://www.loc.gov/catdir/enhancements/fy0907/2007023089-d.html">http://www.loc.gov/catdir/enhancements/fy0907/2007023089-d.html</a>
856 42 - ELECTRONIC LOCATION AND ACCESS
Materials specified Contributor biographical information
Uniform Resource Identifier <a href="https://www.loc.gov/catdir/enhancements/fy1612/2007023089-b.html">https://www.loc.gov/catdir/enhancements/fy1612/2007023089-b.html</a>
906 ## - LOCAL DATA ELEMENT F, LDF (RLIN)
a 7
b cbc
c orignew
d 1
e ecip
f 20
g y-gencatlg
942 ## - ADDED ENTRY ELEMENTS (KOHA)
Source of classification or shelving scheme Library of Congress Classification
Koha item type Monograph ( Printed materials)
Holdings
Withdrawn status Lost status Source of classification or shelving scheme Damaged status Not for loan Collection code Home library Current library Shelving location Date acquired Total Checkouts Full call number Barcode Date last seen Date checked out Price effective from Koha item type
    Library of Congress Classification     Main Collection ARRUPE LIBRARY ARRUPE LIBRARY Main Collection 20/09/2018 2 BJ71 .I79 2009 46600002109 06/10/2020 11/03/2020 20/09/2018 Monograph ( Printed materials)

 

Arrupe Library. PO Box MP320 Mt Pleasant, Harare, Zimbabwe
263 242 745411|librarian@aju.ac.zw